BIBLIOTHÈQUE DE LA MAISON DU MEXIQUE

Logo 1 Logo 2

Teoría de la época actual (notice nᵒ 1363)

détails MARC
000 -Sello discográfico
campo de control de longitud fija 00988nam a2200325 4500
005 - Identificación de versión
campo de control 20251016082728.0
035 ## - Otros números de control del sistema
Número de control del sistema 5746
099 ## - fechas locales
Tipo de ítem Koha LIBRO
100 ## - Datos de procesamiento general
Datos de procesamiento general 19970328d19761958m y1spay5003 ba
101 ## - Idioma del recurso
Idioma del texto, banda sonora, etc. Español; Castellano
Idioma de la obra original Alemán
105 ## - Campo de datos codificados: Material textual, monográfico
Datos codificados de monografía y 001zy
200 1# - Título y mención de responsabilidad
Título propio Teoría de la época actual
Designación general del material texto impreso
Primer mención de responsabilidad Hans Freyer
Declaración de responsabilidad subsiguiente traducción Luis Villoro
205 ## - Declaración de edición
Declaración de edición 2a reimpr de la 1a ed
210 ## - Publicación, distribución, etc.
Lugar de publicación, distribución, etc. México
Nombre del editor, distribuidor, etc. Fondo de Cultura Económica
Fecha de publicación, distribución, etc. 1976
215 ## - Descripción física
Designación de material específico y extensión del ítem 272 p
Dimensiones 17 cm
345 ## - Nota de información de adquisición
Fuente de adquisición/dirección de la suscripción [OBSOLETO] Donación
410 #1 - Series
Título Breviarios del Fondo de Cultura Económica
Número de volumen 141
454 #1 - Traducción de
Título Theorie des gegenwärtigen Zeitalters
606 ## - Término temático usado como materia
Elemento de entrada Historia
Subdivisión temática Filosofía
Número Koha 866
660 ## - Código de área geográfica
Código MX
700 ## - Nombre personal - Responsabilidad primaria
Elemento de entrada Freyer
Parte del nombre distinta del elemento de entrada Hans
Fechas 1887-1969
Número Koha 3517
702 ## - Nombre personal - Responsabilidad secundaria
Elemento de entrada Villoro Toranzo
Parte del nombre distinta del elemento de entrada Luis
Fechas 1922-2014
Número Koha 3518
801 #0 - Fuente de origen
Agencia cm
900 ## -
-- 1/13449
900 ## -
-- 710972924\\280397
942 ## - ELEMENTOS DE ENTRADA SECUNDARIOS (KOHA)
Tipo de ítem Koha Livre
996 ## -
-- MEX
-- 751145101
-- MMAG
-- 004617
-- 082.1 B846 V.141
-- 20210329LIV
Exemplaires
Estatus retirado Estado de daño Estado de pérdida Fecha de adquisición Biblioteca de origen Biblioteca actual Ubicación en estantería Código de barras Precio de reemplazo Signatura topográfica completa No para préstamo Tipo de ítem Koha Nota pública Nota no pública
      05/08/2025 Casa México Paris Casa México Paris   004617 05/08/2025 082.1 B846 V.141   Livre 20210329LIV 751145101